Statistics for NBA Highest-paid Shooting Guards of All Time

Click here to take the quiz!

General Stats

  • This quiz has been taken 22 times
  • The average score is 6 of 20

Answer Stats

SalaryStatusAnswer% Correct
$328,237,108.00RetiredKobe Bryant
90%
$199,499,205.00RetiredDwyane Wade
76%
$148,275,073.00ActiveJames Harden
67%
$184,356,410.00RetiredRay Allen
57%
$129,539,615.00RetiredManu Ginobili
48%
$226,821,875.00RetiredJoe Johnson
43%
$163,057,818.00RetiredTracy McGrady
38%
$121,225,820.00ActiveDeMar DeRozan
33%
$104,518,748.00RetiredReggie Miller
33%
$184,351,259.00ActiveVince Carter
29%
$108,310,292.00FAJason Terry
19%
$101,254,222.00RetiredEddie Jones
10%
$109,485,567.00ActiveEric Gordon
10%
$138,576,839.00RetiredMichael Finley
10%
$101,991,325.00RetiredMichael Redd
10%
$117,556,500.00RetiredAllan Houston
5%
$151,889,074.00ActiveAndre Iguodala
5%
$123,993,384.00FAJamal Crawford
5%
$105,798,207.00RetiredJason Richardson
5%
$103,781,929.00ActiveWesley Matthews
0%

Score Distribution

Percentile by Number Answered

Percent of People with Each Score

Your Score History

You have not taken this quiz